[Event "Basel Easter op"]
[Site "Basel"]
[Date "2024.03.30"]
[Round "5"]
[White "Malli, Suvirr"]
[Black "Shatil, Shir"]
[Result "1-0"]
[WhiteElo "2070"]
[BlackElo "2151"]
[PlyCount "85"]
[EventDate "2024.03.28"]
[EventType "swiss"]
[EventRounds "9"]
[EventCountry "SUI"]
[SourceTitle "CB14_2024"]
[SourceDate "2024.04.01"]
[SourceVersion "1"]
[SourceVersionDate "2024.04.01"]
[SourceQuality "1"]

1. e4 e6 2. d4 d5 3. Nc3 Nf6 4. Bg5 dxe4 5. Nxe4 Be7 6. Bxf6 gxf6 7. Nf3 f5 8. Nc3 a6 9. Qd2 b5 10. 0-0-0 Qd6 11. Qe3 Nd7 12. d5 Nb6 13. dxe6 Qxe6 14. Qf4 Bd6 15. Qg5 Qg6 16. Qe3+ Qe6 17. Qd4 0-0 18. Kb1 b4 19. Ne2 Qh6 20. Ng3 Be6 21. Nh4 Qg5 22. Bd3 Rfe8 23. Ngxf5 Be5 24. Nf3 Bxd4 25. Nxg5 Bf6 26. Nxe6 Rxe6 27. Ne3 a5 28. g4 h6 29. h4 Kf8 30. Rdg1 Bd4 31. g5 hxg5 32. hxg5 Bxe3 33. fxe3 Rxe3 34. Rf1 Kg8 35. Rhg1 Kg7 36. g6 f6 37. Rh1 Rae8 38. a3 bxa3 39. bxa3 Na4 40. Rh7+ Kg8 41. Bc4+ R8e6 42. Re7 Nc3+ 43. Ka1 1-0

[Event "Basel Easter op"]
[Site "Basel"]
[Date "2024.03.29"]
[Round "2"]
[White "Shatil, Shir"]
[Black "Ribiere, Damien"]
[Result "1/2-1/2"]
[WhiteElo "2151"]
[BlackElo "2215"]
[PlyCount "69"]
[EventDate "2024.03.28"]
[EventType "swiss"]
[EventRounds "9"]
[EventCountry "SUI"]
[SourceTitle "CB14_2024"]
[SourceDate "2024.04.01"]
[SourceVersion "1"]
[SourceVersionDate "2024.04.01"]
[SourceQuality "1"]

1. d4 Nf6 2. c4 g6 3. Nc3 Bg7 4. e4 d6 5. h3 0-0 6. Be3 Na6 7. Qc2 e5 8. d5 Nc5 9. g4 a5 10. Nge2 c6 11. Ng3 Bd7 12. g5 Ne8 13. h4 Nc7 14. h5 Qe7 15. Qd2 cxd5 16. Nxd5 Nxd5 17. cxd5 Rac8 18. Be2 b5 19. Kf1 b4 20. Kg2 f5 21. gxf6 Qxf6 22. hxg6 hxg6 23. Rh2 b3 24. a3 Na4 25. Bd1 Rb8 26. Rc1 Rfc8 27. Rxc8+ Rxc8 28. Bxb3 Rb8 29. Bxa4 Bxa4 30. Rh1 Bd7 31. Qe2 a4 32. Rc1 Qh4 33. Rh1 Qf6 34. Rc1 Qh4 35. Rh1 1/2-1/2

[Event "Basel Easter op"]
[Site "Basel"]
[Date "2024.03.28"]
[Round "1"]
[White "Peng, Li Min"]
[Black "Shatil, Shir"]
[Result "1/2-1/2"]
[WhiteElo "2557"]
[BlackElo "2151"]
[PlyCount "71"]
[EventDate "2024.03.28"]
[EventType "swiss"]
[EventRounds "9"]
[EventCountry "SUI"]
[SourceTitle "CB14_2024"]
[SourceDate "2024.04.01"]
[SourceVersion "1"]
[SourceVersionDate "2024.04.01"]
[SourceQuality "1"]

1. Nf3 Nf6 2. c4 e6 3. Nc3 c5 4. g3 b6 5. Bg2 Bb7 6. 0-0 Be7 7. d4 cxd4 8. Qxd4 d6 9. b3 Na6 10. Bb2 0-0 11. Rad1 Nc5 12. Rfe1 a6 13. h3 Qc7 14. g4 e5 15. Qe3 Ne6 16. Nh4 Bxg2 17. Nxg2 h6 18. Qg3 Qb7 19. Nd5 Rfd8 20. Nge3 Nxd5 21. cxd5 Nf4 22. Nf5 Rd7 23. Qf3 Ng6 24. Rc1 Rc8 25. Rc6 b5 26. Bc3 Rdc7 27. Rxc7 Qxc7 28. Bd2 Nh4 29. Nxh4 Bxh4 30. Qf5 Qc2 31. Rc1 Qxf5 32. gxf5 Rxc1+ 33. Bxc1 Kf8 34. Kg2 h5 35. Kf3 Ke7 36. Be3 1/2-1/2

[Event "Stare Mesto op"]
[Site "Stare Mesto"]
[Date "2023.08.08"]
[Round "4"]
[White "Trasakova, Adela"]
[Black "Shatil, Shir"]
[Result "1/2-1/2"]
[WhiteElo "1885"]
[BlackElo "2182"]
[PlyCount "106"]
[EventDate "2023.08.05"]
[EventType "swiss"]
[EventRounds "9"]
[EventCountry "CZE"]
[SourceTitle "EXT 2024"]
[Source "ChessBase"]
[SourceDate "2023.10.10"]
[SourceVersion "1"]
[SourceVersionDate "2023.10.10"]
[SourceQuality "1"]

1. d4 Nf6 2. Nf3 b6 3. g3 Bb7 4. Bg2 c5 5. dxc5 bxc5 6. c4 g6 7. 0-0 Bg7 8. Nc3 0-0 9. Re1 d6 10. e4 Nfd7 11. Qc2 Nc6 12. a3 Rb8 13. Bg5 h6 14. Bd2 Ba8 15. Rab1 Nd4 16. Nxd4 cxd4 17. Nd1 Qb6 18. b4 Ne5 19. Nb2 Rfc8 20. Qb3 Qd8 21. f4 Nd7 22. Qd3 h5 23. Re2 Qc7 24. Be1 a5 25. Rc2 Bc6 26. Qf1 Qb7 27. Re2 Qa8 28. Nd3 Nb6 29. Rc1 Bb7 30. c5 Na4 31. e5 dxc5 32. bxc5 e6 33. Rc4 Nc3 34. Bxc3 Bxg2 35. Qxg2 Qxg2+ 36. Kxg2 dxc3 37. Rxc3 Rc6 38. Rb2 Rxb2+ 39. Nxb2 Bf8 40. Nd3 Rc7 41. Kf3 Be7 42. Ke4 Kf8 43. c6 Ke8 44. Ne1 Kd8 45. Nf3 Rc8 46. Rd3+ Ke8 47. Nd4 Bc5 48. Rc3 Bb6 49. Nb5 Ke7 50. Kd3 Ke8 51. h4 Bf2 52. Kc2 Be1 53. Rc4 Bxg3 1/2-1/2

[Event "EU-ch 23rd"]
[Site "Vrnjacka Banja"]
[Date "2023.03.12"]
[Round "10"]
[White "Yurtseven, Melih"]
[Black "Shatil, Shir"]
[Result "1-0"]
[WhiteElo "2327"]
[BlackElo "2222"]
[PlyCount "63"]
[EventDate "2023.03.03"]
[EventType "swiss"]
[EventRounds "11"]
[EventCountry "SRB"]
[SourceTitle "CBM 213"]
[Source "ChessBase"]
[SourceDate "2023.04.30"]
[SourceVersion "1"]
[SourceVersionDate "2023.04.30"]
[SourceQuality "1"]

1. d4 Nf6 2. c4 e6 3. Nc3 Bb4 4. e3 0-0 5. Bd3 c5 6. Nge2 Nc6 7. 0-0 d5 8. a3 dxc4 9. Bxc4 Bxc3 10. bxc3 Qc7 11. Ba2 Rd8 12. Bb2 b6 13. c4 cxd4 14. exd4 Qd6 15. Rc1 Bb7 16. d5 exd5 17. cxd5 Ne7 18. Qa4 Nexd5 19. Rfd1 Qd7 20. Qb3 Qe8 21. Re1 Rac8 22. Rcd1 Rc7 23. Ng3 Re7 24. Rxe7 Qxe7 25. Nf5 Qe6 26. Bxf6 Qxf6 27. Qd3 Ba6 28. Qxa6 Nc3 29. Rxd8+ Qxd8 30. Bc4 Qd1+ 31. Bf1 h6 32. Qc8+ 1-0

[Event "EU-ch 23rd"]
[Site "Vrnjacka Banja"]
[Date "2023.03.06"]
[Round "4"]
[White "Celik, Hasan Huseyin"]
[Black "Shatil, Shir"]
[Result "1/2-1/2"]
[WhiteElo "2420"]
[BlackElo "2222"]
[PlyCount "29"]
[EventDate "2023.03.03"]
[EventType "swiss"]
[EventRounds "11"]
[EventCountry "SRB"]
[SourceTitle "CBM 213"]
[Source "ChessBase"]
[SourceDate "2023.04.30"]
[SourceVersion "1"]
[SourceVersionDate "2023.04.30"]
[SourceQuality "1"]

1. e4 c6 2. d4 d5 3. Nd2 dxe4 4. Nxe4 Bf5 5. Ng3 Bg6 6. h4 h6 7. Nh3 Nf6 8. Nf4 Bh7 9. Bc4 e5 10. Qe2 Qxd4 11. 0-0 Nbd7 12. Rd1 Qb6 13. Nfh5 Bg6 14. Nf4 Bh7 15. Nfh5 1/2-1/2

[Event "EU-ch 23rd"]
[Site "Vrnjacka Banja"]
[Date "2023.03.04"]
[Round "2"]
[White "Popovic, Igor"]
[Black "Shatil, Shir"]
[Result "0-1"]
[WhiteElo "1831"]
[BlackElo "2222"]
[PlyCount "94"]
[EventDate "2023.03.03"]
[EventType "swiss"]
[EventRounds "11"]
[EventCountry "SRB"]
[SourceTitle "CBM 213"]
[Source "ChessBase"]
[SourceDate "2023.04.30"]
[SourceVersion "1"]
[SourceVersionDate "2023.04.30"]
[SourceQuality "1"]

1. e4 c6 2. d4 d5 3. e5 c5 4. c3 Nc6 5. Be2 Bf5 6. Nf3 e6 7. a3 f6 8. Bf4 Qb6 9. b4 cxd4 10. cxd4 fxe5 11. Bxe5 Nf6 12. Nc3 Nd7 13. Na4 Qd8 14. 0-0 Ndxe5 15. Nxe5 Nxe5 16. dxe5 Be7 17. Bh5+ g6 18. Be2 h5 19. Rc1 Kf7 20. Bd3 Qd7 21. Nc5 Bxc5 22. Bxf5 gxf5 23. Rxc5 b6 24. Rc1 h4 25. Qd2 Kg6 26. Rc3 Rac8 27. Rfc1 d4 28. h3 Rxc3 29. Rxc3 Rd8 30. Rd3 Qd5 31. g3 Qxe5 32. gxh4 f4 33. Qd1 Qh5 34. Qc2 Qf5 35. Qd2 e5 36. Rf3 Kf6 37. Kh2 Qb1 38. Rxf4+ exf4 39. Qxf4+ Qf5 40. Qh6+ Qg6 41. Qf4+ Ke7 42. Qc7+ Rd7 43. Qe5+ Qe6 44. Qg7+ Kd8 45. Qf8+ Kc7 46. Qa8 Qe5+ 47. Kg1 Qe1+ 0-1

[Event "Lienz op 21st"]
[Site "Lienz"]
[Date "2023.02.14"]
[Round "5"]
[White "Song, Julien"]
[Black "Shatil, Shir"]
[Result "1/2-1/2"]
[WhiteElo "2358"]
[BlackElo "2160"]
[PlyCount "64"]
[EventDate "2023.02.11"]
[EventType "swiss"]
[EventRounds "9"]
[EventCountry "AUT"]
[SourceTitle "CBM 212 Extra"]
[Source "ChessBase"]
[SourceDate "2023.03.31"]
[SourceVersion "1"]
[SourceVersionDate "2023.03.31"]
[SourceQuality "1"]

1. d4 Nf6 2. Nf3 e6 3. g3 b6 4. Bg2 Bb7 5. c4 Bb4+ 6. Bd2 Be7 7. 0-0 c6 8. Nc3 d5 9. Qb3 Nbd7 10. cxd5 cxd5 11. a4 a6 12. Rfc1 Ne4 13. Bf4 g5 14. Be5 f6 15. Nxe4 fxe5 16. Nfxg5 Bxg5 17. Nd6+ Kf8 18. Nxb7 Qb8 19. Rc6 Qxb7 20. Rxe6 e4 21. f3 Re8 22. Rd6 h6 23. fxe4 Kg7 24. e5 Nxe5 25. dxe5 Rxe5 26. Rxb6 Qxb6+ 27. Qxb6 Be3+ 28. Qxe3 Rxe3 29. Bxd5 Rxe2 30. Bc4 Rxb2 31. Bxa6 Ra8 32. Bd3 Ra5 1/2-1/2

[Event "Lienz op 21st"]
[Site "Lienz"]
[Date "2023.02.13"]
[Round "4"]
[White "Shatil, Shir"]
[Black "Schreiner, Peter"]
[Result "1/2-1/2"]
[WhiteElo "2160"]
[BlackElo "2401"]
[PlyCount "42"]
[EventDate "2023.02.11"]
[EventType "swiss"]
[EventRounds "9"]
[EventCountry "AUT"]
[SourceTitle "CBM 212 Extra"]
[Source "ChessBase"]
[SourceDate "2023.03.31"]
[SourceVersion "1"]
[SourceVersionDate "2023.03.31"]
[SourceQuality "1"]

1. d4 Nf6 2. c4 g6 3. Nc3 Bg7 4. e4 d6 5. h3 0-0 6. Bg5 c6 7. Nf3 a6 8. a4 a5 9. Be2 Nbd7 10. 0-0 e5 11. Qc2 exd4 12. Nxd4 Nc5 13. Rad1 Qb6 14. Rfe1 Re8 15. Bf1 Nfd7 16. Be3 Qc7 17. Bf4 Be5 18. Be3 b6 19. f4 Bg7 20. Bf2 Ba6 21. g3 Re7 1/2-1/2

[Event "Prague op 21st"]
[Site "Prague"]
[Date "2023.01.10"]
[Round "6"]
[White "Shatil, Shir"]
[Black "Ivanov, Mike"]
[Result "1/2-1/2"]
[WhiteElo "2149"]
[BlackElo "2319"]
[PlyCount "98"]
[EventDate "2023.01.06"]
[EventType "swiss"]
[EventRounds "9"]
[EventCountry "CZE"]
[SourceTitle "CBM 212 Extra"]
[Source "ChessBase"]
[SourceDate "2023.03.31"]
[SourceVersion "1"]
[SourceVersionDate "2023.03.31"]
[SourceQuality "1"]

1. d4 Nf6 2. c4 e6 3. Nf3 Bb4+ 4. Bd2 a5 5. a3 Bxd2+ 6. Qxd2 d6 7. Nc3 Nbd7 8. g3 b6 9. Bg2 Bb7 10. 0-0 Ne4 11. Nxe4 Bxe4 12. Qc3 a4 13. Nd2 Bxg2 14. Kxg2 0-0 15. e4 e5 16. Rae1 Qf6 17. Nf3 Rfe8 18. Re3 Re7 19. Rfe1 Rae8 20. h3 h6 21. R1e2 Re6 22. Re1 Qd8 23. Nd2 Qa8 24. Kh2 Rf6 25. Kg1 Qc8 26. Kg2 Qa8 27. Kg1 Qb7 28. Rc1 Qa7 29. Nf3 Rfe6 30. Rce1 Qa8 31. Nd2 R6e7 32. Qd3 Nf6 33. R1e2 Qb7 34. Qc3 Qc8 35. Kg2 h5 36. Re1 Qb7 37. R1e2 Nd7 38. Kg1 h4 39. d5 hxg3 40. fxg3 b5 41. Kg2 bxc4 42. Nxc4 Nc5 43. Na5 Qa8 44. Nc6 Rd7 45. Qc4 f6 46. Rf2 Rf8 47. Qe2 Rdf7 48. Qh5 Qa6 49. Rxf6 gxf6 1/2-1/2

[Event "Pardubice Czech op-A 33rd"]
[Site "Pardubice"]
[Date "2022.07.24"]
[Round "3"]
[White "Smith, Bryan G"]
[Black "Shatil, Shir"]
[Result "1-0"]
[WhiteElo "2421"]
[BlackElo "2185"]
[PlyCount "95"]
[EventDate "2022.07.22"]
[EventType "swiss"]
[EventRounds "9"]
[EventCountry "CZE"]
[SourceTitle "CBM 209 Extra"]
[Source "ChessBase"]
[SourceDate "2022.09.30"]
[SourceVersion "1"]
[SourceVersionDate "2022.09.30"]
[SourceQuality "1"]

1. e4 e6 2. d4 d5 3. Nd2 Nf6 4. e5 Nfd7 5. c3 c5 6. Bd3 Nc6 7. Ngf3 Be7 8. 0-0 a5 9. a4 cxd4 10. cxd4 Nb4 11. Bb1 b6 12. Re1 Ba6 13. Nf1 b5 14. Ng3 h5 15. h4 Bxh4 16. Nxh4 Qxh4 17. axb5 Bxb5 18. Be3 Nb6 19. b3 Qg4 20. Qd2 0-0 21. f3 Qh4 22. Kf2 Qe7 23. Bg5 f6 24. exf6 gxf6 25. Nf5 Qd8 26. Rxe6 fxg5 27. Rxb6 Bc6 28. Qc1 Kh8 29. Rxb4 Bd7 30. Nd6 Qf6 31. Qc2 Bf5 32. Nxf5 axb4 33. Rxa8 Rxa8 34. Qc7 Ra1 35. Qc8+ Kh7 36. Qd7+ Kh8 37. Qe8+ Kh7 38. Qxh5+ Kg8 39. Qe8+ Kh7 40. Bd3 Ra2+ 41. Kg3 Rd2 42. Qe3 Rb2 43. Bb5 Rb1 44. Kg4 Rb2 45. g3 Rb1 46. Bc6 Kg6 47. Ne7+ Kg7 48. Bxd5 1-0

[Event "Prague op-A 20th"]
[Site "Prague"]
[Date "2022.01.14"]
[Round "9"]
[White "Shatil, Shir"]
[Black "Babula, Vlastimil1111"]
[Result "1-0"]
[WhiteElo "1977"]
[BlackElo "2227"]
[PlyCount "117"]
[EventDate "2022.01.07"]
[EventType "swiss"]
[EventRounds "9"]
[EventCountry "CZE"]
[SourceTitle "CBM 206 Extra"]
[Source "ChessBase"]
[SourceDate "2022.03.31"]
[SourceVersion "1"]
[SourceVersionDate "2022.03.31"]
[SourceQuality "1"]

1. d4 Nf6 2. c4 g6 3. Nc3 Bg7 4. e4 d6 5. Nf3 0-0 6. h3 e5 7. d5 a5 8. Bg5 Na6 9. Be2 Qe8 10. Nd2 Nd7 11. a3 f6 12. Be3 f5 13. f3 Qe7 14. b4 Bh6 15. Bf2 Nf6 16. g4 Bd7 17. Rb1 Qf7 18. exf5 Kh8 19. fxg6 Qxg6 20. Nde4 Nxe4 21. Nxe4 Rf4 22. Qd3 Raf8 23. Bg3 R4f7 24. 0-0 Bf4 25. Kg2 Rg8 26. Qc3 Bxg3 27. Nxg3 Qg5 28. Bd3 Qh4 29. Be4 Rf4 30. Rh1 Rgf8 31. Rbf1 Rg8 32. Ne2 Rf7 33. Ng3 Rgg7 34. Rfg1 Rf4 35. Kf2 Rgf7 36. Ke2 Rf8 37. Kd2 c6 38. Ne2 R4f7 39. f4 axb4 40. axb4 Re7 41. f5 cxd5 42. Bxd5 b5 43. Ra1 Nc7 44. Qg3 Qxg3 45. Nxg3 bxc4 46. Bxc4 d5 47. Ra7 Bc6 48. Be2 d4 49. Rc1 Nd5 50. Rxe7 Nxe7 51. Rc5 e4 52. Re5 e3+ 53. Kd3 Rd8 54. Rxe7 Bb5+ 55. Ke4 d3 56. Bxd3 Rxd3 57. Re5 Bc4 58. Rc5 Rc3 59. Kd4 1-0

[Event "Robecchetto op 33rd"]
[Site "Robecchetto"]
[Date "2021.12.27"]
[Round "3"]
[White "Shatil, Shir"]
[Black "Vada, Riccardo"]
[Result "1-0"]
[WhiteElo "1977"]
[BlackElo "1919"]
[PlyCount "115"]
[EventDate "2021.12.26"]
[EventType "swiss"]
[EventRounds "7"]
[EventCountry "ITA"]
[SourceTitle "EXT 2023"]
[Source "ChessBase"]
[SourceDate "2022.10.05"]
[SourceVersion "1"]
[SourceVersionDate "2022.10.05"]
[SourceQuality "1"]

1. d4 c6 2. c4 g6 3. Nc3 Bg7 4. e4 d6 5. Nf3 Bg4 6. Be3 Nd7 7. Be2 Bxf3 8. Bxf3 Ngf6 9. 0-0 0-0 10. Be2 c5 11. d5 a6 12. Qc2 Rb8 13. h3 Kh8 14. a3 Qc7 15. Rab1 Ng8 16. f4 Rfe8 17. Rbd1 b6 18. Kh1 Rec8 19. a4 Qa7 20. Qd2 Qc7 21. Bf3 Qd8 22. g4 Rb7 23. Kg2 Rcb8 24. Rh1 b5 25. cxb5 Qa5 26. Be2 Qb4 27. bxa6 Ra7 28. Rb1 Raa8 29. Qc2 c4 30. Na2 Qb3 31. Qxb3 Rxb3 32. Bc1 Rc8 33. Bd1 Rb6 34. Be3 Rxa6 35. Nb4 Raa8 36. Nc6 Rc7 37. a5 Rb7 38. Be2 Rb3 39. Kf3 c3 40. bxc3 Rxc3 41. Rhc1 Ra3 42. Kf2 Ngf6 43. Rb4 Ra2 44. Ke1 Ra3 45. Kd2 Ra2+ 46. Rc2 Ra1 47. a6 h6 48. a7 Kh7 49. g5 hxg5 50. fxg5 Nh5 51. Bxh5 gxh5 52. Rb7 Ne5 53. Rb8 R8xa7 54. Nxa7 Ra4 55. Nc6 Rxe4 56. Nxe5 Bxe5 57. Rb7 Rh4 58. Rxe7 1-0

[Event "Robecchetto op 33rd"]
[Site "Robecchetto"]
[Date "2021.12.26"]
[Round "1"]
[White "Di Chiara, Mauro"]
[Black "Shatil, Shir"]
[Result "1/2-1/2"]
[WhiteElo "1858"]
[BlackElo "1977"]
[PlyCount "85"]
[EventDate "2021.12.26"]
[EventType "swiss"]
[EventRounds "7"]
[EventCountry "ITA"]
[SourceTitle "EXT 2023"]
[Source "ChessBase"]
[SourceDate "2022.10.05"]
[SourceVersion "1"]
[SourceVersionDate "2022.10.05"]
[SourceQuality "1"]

1. d4 e6 2. Nf3 Nf6 3. c4 b6 4. g3 Ba6 5. b3 Bb4+ 6. Bd2 Be7 7. Bg2 0-0 8. 0-0 d5 9. Bc3 Nbd7 10. Nbd2 Bb7 11. Ne5 c5 12. Nxd7 Nxd7 13. cxd5 Bxd5 14. Bxd5 exd5 15. dxc5 bxc5 16. e3 Bf6 17. Bxf6 Nxf6 18. Rc1 Rc8 19. Nf3 Qe7 20. Qd3 Qe4 21. Qxe4 Nxe4 22. Rfd1 Rfd8 23. Rd3 Rc6 24. Nd2 Nxd2 25. Rxd2 Kf8 26. Kf1 Ke7 27. Ke2 a5 28. Rd4 g6 29. Ra4 Ra8 30. e4 dxe4 31. Rxe4+ Kd7 32. Rd1+ Rd6 33. Rxd6+ Kxd6 34. Kd3 h5 35. Ra4 Kd5 36. Re4 Ra7 37. f4 Rd7 38. Re5+ Kc6+ 39. Kc4 Rd4+ 40. Kc3 Rd7 41. Re8 Kb6 42. Re3 Kb5 43. a4+ 1/2-1/2

[Event "Locarno op"]
[Site "Locarno"]
[Date "2021.04.17"]
[Round "2"]
[White "Shatil, Shir"]
[Black "Belezky, Alexander"]
[Result "0-1"]
[WhiteElo "2000"]
[BlackElo "2383"]
[PlyCount "84"]
[EventDate "2021.04.16"]
[EventType "swiss"]
[EventRounds "5"]
[EventCountry "SUI"]
[SourceTitle "EXT 2022"]
[Source "ChessBase"]
[SourceDate "2021.10.06"]
[SourceVersion "1"]
[SourceVersionDate "2021.10.06"]
[SourceQuality "1"]

1. d4 Nf6 2. c4 g6 3. Nc3 d6 4. e4 Bg7 5. Nf3 0-0 6. h3 Nbd7 7. Bg5 e5 8. d5 a5 9. Be2 Nc5 10. Nd2 Bd7 11. Qc2 c6 12. 0-0 Qb6 13. Be3 cxd5 14. cxd5 Rac8 15. a4 Qd8 16. Nc4 Ne8 17. Nb5 Bxb5 18. axb5 b6 19. Bg4 Rb8 20. Bxc5 dxc5 21. d6 h5 22. Bf3 Bf6 23. Qd2 Ng7 24. Qd5 Ne6 25. Bd1 Nd4 26. Ba4 Re8 27. Ra3 Re6 28. Kh1 Bg7 29. f4 exf4 30. Rxf4 Rf6 31. g3 Rxf4 32. gxf4 Qh4 33. d7 Qe1+ 34. Kg2 Qe2+ 35. Kg1 Qe1+ 36. Kg2 Ne6 37. Qd6 Qxe4+ 38. Kg3 Rd8 39. Nxb6 Qe1+ 40. Kg2 Bd4 41. Kf3 Ng5+ 42. fxg5 Qf2+ 0-1

[Event "Mestre Sheraton op-A 1st"]
[Site "Mestre"]
[Date "2021.02.28"]
[Round "5"]
[White "Frescura, Davide"]
[Black "Shatil, Shir"]
[Result "1-0"]
[WhiteElo "2012"]
[BlackElo "2008"]
[PlyCount "135"]
[EventDate "2021.02.26"]
[EventType "swiss"]
[EventRounds "5"]
[EventCountry "ITA"]
[SourceTitle "EXT 2022"]
[Source "ChessBase"]
[SourceDate "2021.10.06"]
[SourceVersion "1"]
[SourceVersionDate "2021.10.06"]
[SourceQuality "1"]

1. e4 e6 2. d4 d5 3. Nd2 Nf6 4. e5 Nfd7 5. Bd3 c5 6. c3 Nc6 7. Ne2 cxd4 8. cxd4 f6 9. exf6 Nxf6 10. 0-0 Bd6 11. Nf3 Qc7 12. Bg5 0-0 13. Bh4 Nh5 14. Rc1 g6 15. Nc3 a6 16. Re1 Rxf3 17. Qxf3 Bxh2+ 18. Kf1 Bf4 19. Rb1 Nxd4 20. Qd1 Nc6 21. Ne2 Bd6 22. g4 Nf4 23. Bg3 Nxd3 24. Qxd3 Bxg3 25. Qxg3 Qxg3 26. Nxg3 e5 27. f3 Be6 28. Kg2 Rf8 29. Rbd1 d4 30. b3 Bd5 31. Ne4 Rf4 32. Kg3 Bxe4 33. Rxe4 Rxe4 34. fxe4 Nb4 35. Rd2 Nc6 36. Kf3 Kg7 37. g5 Nd8 38. Rc2 Ne6 39. Kg4 d3 40. Rd2 Nc5 41. Kh4 a5 42. a3 Nxb3 43. Rxd3 Nd4 44. Rc3 b5 45. Rc5 b4 46. Rxa5 bxa3 47. Ra7+ Kg8 48. Rxa3 Kf7 49. Ra7+ Ke6 50. Kg4 Ne2 51. Rxh7 Nf4 52. Rg7 Kd6 53. Rf7 Nh5 54. Rf8 Ke7 55. Ra8 Kf7 56. Ra6 Nf4 57. Rf6+ Ke7 58. Rxf4 exf4 59. Kxf4 Kd6 60. Ke3 Ke5 61. Kd3 Kf4 62. Kd4 Kxg5 63. e5 Kf5 64. Kd5 g5 65. e6 Kf6 66. Kd6 g4 67. e7 g3 68. e8Q 1-0

[Event "Sitges Sunway 7th"]
[Site "Sitges"]
[Date "2020.12.20"]
[Round "7"]
[White "Csiki, Endre"]
[Black "Shatil, Shir"]
[Result "1-0"]
[WhiteElo "2231"]
[BlackElo "1920"]
[PlyCount "61"]
[EventDate "2020.12.13"]
[EventType "swiss"]
[EventRounds "10"]
[EventCountry "ESP"]
[SourceTitle "CBM 199 Extra"]
[Source "ChessBase"]
[SourceDate "2021.01.31"]
[SourceVersion "1"]
[SourceVersionDate "2021.01.31"]
[SourceQuality "1"]

1. e4 e6 2. d4 d5 3. Nd2 Nf6 4. e5 Nfd7 5. Bd3 c5 6. c3 Nc6 7. Ngf3 Be7 8. 0-0 a5 9. Re1 cxd4 10. cxd4 Qb6 11. a3 g5 12. h3 h5 13. Nf1 Nxd4 14. Nxg5 Nc5 15. Be3 Ndb3 16. Rb1 Bd7 17. h4 d4 18. Bf4 Nxd3 19. Qxd3 Qb5 20. Qh3 Rc8 21. Ng3 Bc6 22. N3e4 Nc5 23. Nd6+ Bxd6 24. exd6 Bd5 25. b4 Nd3 26. Nxe6 Bxe6 27. Rxe6+ Kf8 28. Bh6+ Rxh6 29. Rxh6 Rc2 30. Qg3 Qe5 31. Qxd3 1-0

[Event "Sitges Sunway 7th"]
[Site "Sitges"]
[Date "2020.12.16"]
[Round "4"]
[White "Shatil, Shir"]
[Black "Le Pen, Steven"]
[Result "1-0"]
[WhiteElo "1920"]
[BlackElo "2141"]
[PlyCount "65"]
[EventDate "2020.12.13"]
[EventType "swiss"]
[EventRounds "10"]
[EventCountry "ESP"]
[SourceTitle "CBM 199 Extra"]
[Source "ChessBase"]
[SourceDate "2021.01.31"]
[SourceVersion "1"]
[SourceVersionDate "2021.01.31"]
[SourceQuality "1"]

1. d4 Nf6 2. c4 g6 3. Nc3 d5 4. Nf3 Bg7 5. Qb3 dxc4 6. Qxc4 a6 7. e4 b5 8. Qb3 0-0 9. e5 Be6 10. Qa3 Nd5 11. Bxb5 axb5 12. Qxa8 Nb4 13. 0-0 Nc2 14. Rb1 c6 15. Qa7 Nd7 16. Bd2 Bc4 17. Rfd1 Nb6 18. Rbc1 Nb4 19. b3 Be6 20. Ne4 N6d5 21. Bxb4 Nxb4 22. a3 Na2 23. Rc5 Bxb3 24. Ra1 Bd5 25. Ned2 b4 26. axb4 Nxb4 27. Qa3 Qb6 28. Rb1 Rb8 29. Ne1 Bh6 30. Nc4 Qb7 31. Nd3 Qa6 32. Rxb4 Rxb4 33. Nxb4 1-0

[Event "Sitges Sunway 7th"]
[Site "Sitges"]
[Date "2020.12.15"]
[Round "3"]
[White "Tadevosyan, Aspet"]
[Black "Shatil, Shir"]
[Result "1-0"]
[WhiteElo "2184"]
[BlackElo "1920"]
[PlyCount "45"]
[EventDate "2020.12.13"]
[EventType "swiss"]
[EventRounds "10"]
[EventCountry "ESP"]
[SourceTitle "CBM 199 Extra"]
[Source "ChessBase"]
[SourceDate "2021.01.31"]
[SourceVersion "1"]
[SourceVersionDate "2021.01.31"]
[SourceQuality "1"]

1. e4 e6 2. d4 d5 3. e5 c5 4. c3 Nc6 5. Nf3 Qb6 6. Bd3 cxd4 7. cxd4 Bd7 8. 0-0 Nxd4 9. Nbd2 Nxf3+ 10. Nxf3 Rc8 11. Ng5 Be7 12. Qh5 g6 13. Qf3 Nh6 14. Bf4 0-0 15. Qh3 Bxg5 16. Bxg5 Nf5 17. Bf6 Ng7 18. Qh6 Ne8 19. Be7 Ng7 20. Rae1 d4 21. Bf6 Ne8 22. Re4 Qxb2 23. Qxh7+ 1-0

[Event "Davos Summer op"]
[Site "Davos"]
[Date "2020.07.10"]
[Round "2"]
[White "Foerster Yialamas, Lucas"]
[Black "Shatil, Shir"]
[Result "0-1"]
[WhiteElo "2010"]
[BlackElo "1826"]
[PlyCount "54"]
[EventDate "2020.07.09"]
[EventType "swiss"]
[EventRounds "5"]
[EventCountry "SUI"]
[SourceTitle "CBM 197 Extra"]
[Source "ChessBase"]
[SourceDate "2020.09.30"]
[SourceVersion "1"]
[SourceVersionDate "2020.09.30"]
[SourceQuality "1"]

1. e4 c5 2. Nf3 Nc6 3. d4 cxd4 4. Nxd4 Nf6 5. Nc3 e5 6. Ndb5 d6 7. Bg5 a6 8. Bxf6 gxf6 9. Na3 b5 10. Nd5 f5 11. Bd3 Be6 12. 0-0 Bxd5 13. exd5 Ne7 14. Re1 e4 15. Bf1 Bg7 16. c3 0-0 17. Nc2 Qb6 18. Qh5 Rae8 19. Ne3 f4 20. Nf5 Ng6 21. Nxg7 Kxg7 22. b3 Re5 23. Qh3 Rfe8 24. c4 e3 25. Qf3 Qc5 26. Rac1 exf2+ 27. Qxf2 Rxe1 0-1

[Event "Davos Summer op"]
[Site "Davos"]
[Date "2020.07.10"]
[Round "3"]
[White "Shatil, Shir"]
[Black "Eilenberg, Jonas"]
[Result "0-1"]
[WhiteElo "1826"]
[BlackElo "2137"]
[PlyCount "64"]
[EventDate "2020.07.09"]
[EventType "swiss"]
[EventRounds "5"]
[EventCountry "SUI"]
[SourceTitle "CBM 197 Extra"]
[Source "ChessBase"]
[SourceDate "2020.09.30"]
[SourceVersion "1"]
[SourceVersionDate "2020.09.30"]
[SourceQuality "1"]

1. d4 d5 2. c4 e6 3. Nc3 c6 4. Nf3 dxc4 5. a4 Bb4 6. e4 b5 7. Be2 Nf6 8. 0-0 Bxc3 9. bxc3 Nxe4 10. Qc2 Nd6 11. Ba3 0-0 12. Rfe1 Re8 13. Rab1 a6 14. Ng5 Qxg5 15. Bxd6 Nd7 16. Bf3 Bb7 17. Re3 Nf6 18. Be2 Qf5 19. Qc1 Ne4 20. Rf3 Qg6 21. Bf4 c5 22. Rb2 cxd4 23. cxd4 c3 24. Rc2 b4 25. Bd3 b3 26. Rg3 b2 27. Qd1 Qf5 28. Bh6 Nxg3 29. Bxf5 Nxf5 30. Rxc3 Be4 31. Rc2 Bxc2 32. Qxc2 Rab8 0-1